000 00756nam a2200229Ia 4500
003 OSt
005 20220923222739.0
006 a|||||r|||| 00| 0
007 ta
008 220922b |||||||| |||| 00| 0 hin d
024 _a207,400
037 _cTextual
040 _aARTS
_cARTS
_bhin
041 _2hin
_ahin
082 _aO152,3NK0,1, L3-;1
100 _aकोहली, नरेन्द्र
245 0 _aआश्रितों का विद्रोह (उपन्यास)
246 _aĀshritoan kā vidroh (upanyāsa)
260 _aदिल्ली
_b नेशनल पब्लि
_c1973
942 _hO152,3NK0,1, L3-;1
_cTEXL
_2CC
999 _c358017
_d358017